Представление документа в формате RUSMARC

ПолеНазваниеЗначение
  Тип записи a
  Библиографический уровень m
001 Контрольный номер RU/SLIB/B/208788535
005 Дата корректировки 20201206204410.1
010 Индекс ISBN __
d Цена 1-10
101 Язык документа __
a Язык текста rus
c Язык оригинала rus
200 Заглавие и сведения об ответственности 0_
a Заглавие Начальный курс игры на семиструнной гитаре
f Первые сведения об ответственности Вавилов В. Ф.
b Общее обозначение материала Текст
210 Выходные данные __
a Место издания Л.
c Издательство Музыка
d Дата издания 1983
215 Физическое описание __
a Объем 78 с.
606 Тематические рубрики __
a Основная рубрика Музыка и зрелищные искусства
606 Тематические рубрики __
a Основная рубрика Инструментальная музыка
610 Ключевые слова __
a Ключевые слова игра на гитаре; гитары; музыкальные инструменты; семиструнные гитары
686 Индексы других классификаций __
a Классификационный индекс ст85.315
700 Автор _1
a Фамилия Вавилов
b Имя В. Ф.
4 Код отношения 070
801 Источник записи _0
a Страна RU
b Организация Муниципальное бюджетное учреждение культуры "Централизованная библиотечная система" г. Сургут (Центральная городская библиотека им. А. С. Пушкина)
g Правила каталогизации ЦДБ/Симакова
801 Источник записи _1
a Страна RU
b Организация Муниципальное бюджетное учреждение культуры "Централизованная библиотечная система" г. Сургут (Центральная городская библиотека им. А. С. Пушкина)
g Правила каталогизации ЦДБ/Симакова
852 Данные о местонахождении __
j Шифр хранения ст85.315
c Каталожный индекс 85.315.3
i Авторский знак В 12
p Инвентарный номер 13907
901 Тип документа __
t Тип документа m
903 Характеристики (МАРС) __
a Дата передачи 20060411
990 Данные о заказе (DOS) __
j Количество экземпляров (DOS) 1
t N записи в КСУ для И/У (DOS) ретр